000 01223nam a2200229Ia 4500
003 Ost
005 20260507075053.0
008 260507s9999||||xx |||||||||||||| ||und||
020 _a9957402628
040 _cfsecg
041 _aara
082 _a657.45
100 _aالعناتي، رضوان محمد
_eمؤلف
245 0 _aمبادئ المحاسبة وتطبيقاتها /
_c رضوان محمد العناتي
260 _aعمان:
_bدار صفاء للنشر,
_c2000
300 _a224 صفحة؛
_bإيضاحات ؛
_c24 سم
504 _aالمراجع ص.223
520 _aمدخل إلى علم المحاسبة، المبادئ المحاسبية، النظام المحاسبي، المفاهيم المحاسبية، نظام القيد المزدوج، المعالجة المحاسبية للعمليات المالية والاستثمارية، المعالجة المحاسبية لعمليات البضاعة والخصم، الأوراق التجارية ومعالجتها المحاسبية، ميزان المراجعة والأخطاء المحاسبية، القوائم المالية
653 _aالمحاسبة
653 _aمراجعة الحسابات
942 _cكتاب
999 _c42703
_d42703